RRIM ethrel trials on smallholdings: Progress report (Record no. 67366)

MARC details
000 -LEADER
fixed length control field 00403nam a2200133Ia 4500
100 ## - MAIN ENTRY--AUTHOR NAME
Personal name Abraham P D
245 #0 - TITLE STATEMENT
Title RRIM ethrel trials on smallholdings: Progress report
260 ## - PUBLICATION, DISTRIBUTION, ETC. (IMPRINT)
Name of publisher Proceedings of the RRIM Planters Conference, Kuala Lumpur, 1973; p59-73
650 ## - SUBJECT ADDED ENTRY--TOPICAL TERM
Topical Term Ethrel stimulation
650 ## - SUBJECT ADDED ENTRY--TOPICAL TERM
Topical Term Smallholdings
700 ## - ADDED ENTRY--PERSONAL NAME
Personal name Manikam B
942 ## - ADDED ENTRY ELEMENTS (KOHA)
Koha item type Journals
Holdings
Withdrawn status Lost status Damaged status Not for loan Home library Current library Shelving location Date acquired Koha item type
      Journals RRII Library RRII Library Physiology 17/12/2021 Journals